Score 0/30 Timer 05:00
2 Plays Today
Capitals A or B? % Correct
A) Ottawa - B) Beijing???
85.2%
A) Buenos Aires - B) Wellington???
82.2%
A) Quito - B) Paramaribo???
78%
A) Dublin - B) Amsterdam???
73%
A) Montevideo - B) Prague???
68.7%
A) Tbilisi - B) Baku???
65.4%
A) Rabat - B) Pyongyang???
65.3%
A) Lima - B) Suva???
64.9%
A) Abuja - B) Nairobi???
64.1%
A) San Salvador - B) Antananarivo???
59.5%
A) Vilnius - B) Ulan Bator???
56.1%
A) Mexico City - B) Santo Domingo???
55%
A) Lisbon - B) Gaborone???
54.6%
A) Guatemala City - B) Riyadh???
53.5%
A) Kampala - B) Port Moresby???
52.3%
Capitals A or B? % Correct
A) Santiago - B) Dhaka???
49.9%
A) Victoria - B) Port Vila???
47.4%
A) Bern - B) Bratislava???
47.2%
A) Panama City - B) Singapore???
45.4%
A) Skopje - B) Canberra???
45.4%
A) Windhoek - B) Maputo???
45.2%
A) Zagreb - B) Bishkek???
43.9%
A) Port au Prince - B) Dili???
43.8%
A) Bamako - B) Khartoum???
42.8%
A) Pretoria - B) Seoul???
42.8%
A) Lusaka - B) New Delhi???
39.7%
A) Havana - B) Sanaa???
39.1%
A) Phnom Penh - B) Manila???
37.1%
A) Islamabad - B) Kathmandu???
35.8%
A) Brasilia - B) Ouagadougou???
32.2%
Remove Ads.
Support Sporcle.
Get the best of Sporcle when you Go Orange. This ad-free experience offers more features, more stats, and more fun while also helping to support Sporcle. Thank you for becoming a member.

You're not logged in!

Compare scores with friends on all Sporcle quizzes.
OR
Log In

Show Comments

Extras

Top Quizzes Today


Score Distribution

Your Account Isn't Verified!

In order to create a playlist on Sporcle, you need to verify the email address you used during registration. Go to your Sporcle Settings to finish the process.

Report this User

Report this user for behavior that violates our Community Guidelines.

Details: